NFL Top 50 Receiving Yard Leaders 2023-2024 - Statistics

General Stats
  • This quiz has been taken 4,013 times
  • The average score is 40 of 50
Answer Stats
Yards Team Player % Correct
1,799 Dolphins Tyreek Hill
100%
1,456 Eagles AJ Brown
99%
1,515 Lions Amon-Ra St. Brown
99%
1,759 Cowboys Ceedee Lamb
99%
1,255 Buccaneers Mike Evans
97%
1,216 Bengals Ja´Maar Chase
96%
1,074 Vikings Justin Jefferson
96%
1,486 Rams Puka Nacua
96%
1,183 Bills Stefon Diggs
95%
1,066 Eagles DeVonta Smith
94%
1,114 Seahawks DK Metcalf
94%
1,342 49ers Brandon Aiyuk
93%
892 49ers Deebo Samuel
93%
1,364 Bears DJ Moore
93%
1,144 Raiders Davante Adams
92%
1,243 Chargers Keenan Allen
91%
1,297 Texans Nico Collins
90%
1,042 Jets Garrett Wilson
89%
1,014 Dolphins Jaylen Waddle
89%
1,024 Buccaneers Chris Godwin
88%
737 Rams Cooper Kupp
88%
1,140 Steelers George Pickens
88%
1,250 Browns Amari Cooper
87%
1,152 Colts Michael Pittman Jr.
87%
984 Chiefs Travis Kelce
86%
1,123 Saints Chris Olave
85%
1,020 49ers George Kittle
84%
1,002 Commanders Terry McLaurin
84%
1,057 Titans DeAndre Hopkins
80%
1,014 Panthers Adam Thielen
79%
911 Vikings Jordan Addison
79%
894 Seahawks Tyler Lockett
78%
905 Falcons Drake London
75%
858 Ravens Zay Flowers
74%
938 Chiefs Rashee Rice
73%
1,016 Jaguars Calvin Ridley
71%
960 Vikings TJ Hockenson
70%
772 Broncos Courtland Sutton
67%
758 Broncos Jerry Jeudy
67%
889 Lions Sam LaPorta
67%
787 Jaguars Christian Kirk
65%
963 Jaguars Evan Engram
62%
882 Browns David Njoku
59%
746 Bills Gabriel Davis
55%
807 Raiders Jakobi Meyers
55%
793 Packers Jayden Reed
53%
825 Cardinals Trey McBride
50%
770 Giants Darius Slayton
42%
761 Cowboys Jake Ferguson
42%
771 Colts Josh Downs
40%
No matching quizzes found
Score Distribution
Percent of People with Each Score
Percentile by Number Answered
Your Score History
You have not taken this quiz